Sensible US Train Station Codes – Southeast - Statistics

General Stats
  • This quiz has been taken 6 times
  • The average score is 10 of 23
Answer Stats
Hint Answer % Correct
ATL Atlanta
100%
LEX Lexington
80%
MEM Memphis
80%
MIA Miami
80%
ORL Orlando
80%
SAV Savannah
80%
CAM Camden
60%
FLO Florence
60%
FAY Fayetteville
40%
GAS Gastonia
40%
HAM Hamlet
40%
KAN Kannapolis
40%
KIS Kissimmee
40%
LAK Lakeland
40%
SAL Salisbury
40%
DIL Dillon
20%
LAU Laurel
20%
OKE Okeechobee
20%
HOL Hollywood
0%
MAY Maysville
0%
PIC Picayune
0%
SCH Schriever
0%
YEM Yemassee
0%
No matching quizzes found
Score Distribution
Percent of People with Each Score
Percentile by Number Answered
Your Score History
You have not taken this quiz